The missing links in Mughal history / (Record no. 144299)

MARC details
000 -LEADER
fixed length control field 00687nam a22002057a 4500
005 - DATE AND TIME OF LATEST TRANSACTION
control field 20171013124055.0
010 ## - LCCN (DPL NO)
LC control number ENG-120255
020 ## - INTERNATIONAL STANDARD BOOK NUMBER
Terms of availability 1195.00
International Standard Book Number 97881924732123
035 ## - SYSTEM CONTROL NUMBER
System control number EN-103787
037 ## - SOURCE OF ACQUISITION
Source of stock number/acquisition DBAD/PUB
082 ## - DEWEY DECIMAL CLASSIFICATION NUMBER
Classification number 954.022
100 ## - MAIN ENTRY--PERSONAL NAME
Personal name Sudhindra Kumar
245 ## - TITLE STATEMENT
Title The missing links in Mughal history /
Statement of responsibility, etc by Sudhindra Kumar ; foreword by Madhu Trivedi ; transleted by Lalit Sharma
260 ## - PUBLICATION, DISTRIBUTION, ETC. (IMPRINT)
Place of publication, distribution, etc Delhi
Name of publisher, distributor, etc Swaraj Book Distributors
Date of publication, distribution, etc 2014
270 ## - ADDRESS
Address A-6,Nimri Comercial Center,Near Ashok Vihar-IV
City Delhi
Postal code 110092
300 ## - PHYSICAL DESCRIPTION
Extent 4-vol (xxi,250p.)
Dimensions 22cm.(Hb)
700 ## - ADDED ENTRY--PERSONAL NAME
Personal name Madhu Trivedi
700 ## - ADDED ENTRY--PERSONAL NAME
Personal name Sharma,Lalit
942 ## - ADDED ENTRY ELEMENTS (KOHA)
Source of classification or shelving scheme Dewey Decimal Classification
Item type English Books
Classification part 954.022
Call number suffix SUD
Holdings
Withdrawn status Lost status Not for loan Collection code Home library Current library Date acquired Source of acquisition Cost, normal purchase price Full call number Barcode Copy number Cost, replacement price Koha item type
      Non-fiction Shahdara Branch Shahdara Branch 11/09/2017 DBAD/PUB 1195.00 954.022 THE EN-103787 1 1195.00 English Books

© Delhi Public Library
Hit Counter
free hit counter